[Event "St Petersburg White Nights op"]
[Site "St Petersburg"]
[Date "2009.06.15"]
[Round "7"]
[White "Babakhin, Anton"]
[Black "Frakin, Nikolay"]
[Result "1/2-1/2"]
[WhiteElo "1960"]
[BlackElo "1974"]
[PlyCount "91"]
[EventDate "2009.06.09"]
[EventType "swiss"]
[EventRounds "9"]
[EventCountry "RUS"]
[SourceTitle "EXT 2011"]
[Source "ChessBase"]
[SourceDate "2010.11.26"]
[SourceVersion "1"]
[SourceVersionDate "2010.11.26"]
[SourceQuality "1"]

1. e4 e5 2. Nf3 Nc6 3. Bb5 a6 4. Ba4 d6 5. 0-0 Bd7 6. c3 Nf6 7. Bc2 Be7 8. d4 0-0 9. d5 Nb8 10. c4 c6 11. Nc3 cxd5 12. cxd5 b5 13. a3 Bg4 14. Be3 Nbd7 15. Rc1 Rc8 16. Bd3 Nc5 17. b4 Nxd3 18. Qxd3 Bd7 19. h3 Nh5 20. Qe2 Nf4 21. Qd2 Ng6 22. g4 Rc4 23. Rc2 Qc7 24. Rfc1 Rc8 25. Ne1 Qb7 26. f3 Bh4 27. Ng2 Qc7 28. Nxh4 Nxh4 29. Kf2 Ng6 30. Ke1 Qd8 31. Bg5 f6 32. Be3 Nh4 33. Qf2 g5 34. Kd1 Kg7 35. Bb6 Qe8 36. Qf1 Ng6 37. Ne2 Rxc2 38. Rxc2 Rxc2 39. Kxc2 Qc8+ 40. Nc3 Nf4 41. Be3 Ng6 42. Kd2 Ne7 43. Nd1 Qb7 44. Nb2 Nc8 45. Qg1 Qc7 46. Qc1 1/2-1/2

[Event "St Petersburg Chigorin CC-ch"]
[Site "St Petersburg"]
[Date "2009.05.25"]
[Round "6"]
[White "Frakin, Nikolay"]
[Black "Chernov, Yury"]
[Result "0-1"]
[WhiteElo "1974"]
[BlackElo "2254"]
[PlyCount "96"]
[EventDate "2009.05.19"]
[EventType "swiss"]
[EventRounds "9"]
[EventCountry "RUS"]
[SourceTitle "CBM 130 Extra"]
[Source "ChessBase"]
[SourceDate "2009.07.02"]
[SourceVersion "2"]
[SourceVersionDate "2009.07.15"]
[SourceQuality "1"]

1. d4 Nf6 2. Bg5 d5 3. e3 e6 4. Nf3 c5 5. Bb5+ Bd7 6. Bxd7+ Nbxd7 7. 0-0 Qb6 8. b3 Ne4 9. Bf4 Be7 10. Qd3 0-0 11. Nc3 Nxc3 12. Qxc3 Rac8 13. Qd3 Nf6 14. Ne5 Rfd8 15. f3 Nh5 16. Bg3 Nxg3 17. hxg3 cxd4 18. exd4 Bb4 19. c4 dxc4 20. Nxc4 Qxd4+ 21. Qxd4 Rxd4 22. Rfd1 Rcd8 23. Rxd4 Rxd4 24. Kf1 f6 25. a3 Be7 26. Ke2 Kf7 27. Na5 Rd7 28. b4 f5 29. Rc1 Bd8 30. Nb3 Bb6 31. Rc8 e5 32. Nc5 Bxc5 33. Rxc5 Ke6 34. Rc8 a6 35. Rf8 g6 36. Rc8 Kd5 37. Kd3 Kd6 38. Kc4 Rc7+ 39. Rxc7 Kxc7 40. Kd5 Kb6 41. a4 a5 42. b5 e4 43. fxe4 fxe4 44. Kxe4 Kc5 45. Ke5 Kb4 46. Kd6 Kxa4 47. b6 Kb5 48. Kc7 Ka6 0-1

[Event "St Petersburg Chigorin CC-ch"]
[Site "St Petersburg"]
[Date "2009.05.24"]
[Round "5"]
[White "Zykova, Antonina"]
[Black "Frakin, Nikolay"]
[Result "1/2-1/2"]
[WhiteElo "2085"]
[BlackElo "1974"]
[PlyCount "62"]
[EventDate "2009.05.19"]
[EventType "swiss"]
[EventRounds "9"]
[EventCountry "RUS"]
[SourceTitle "CBM 130 Extra"]
[Source "ChessBase"]
[SourceDate "2009.07.02"]
[SourceVersion "2"]
[SourceVersionDate "2009.07.15"]
[SourceQuality "1"]

1. e4 Nc6 2. Nf3 d6 3. d4 Nf6 4. Nc3 Bg4 5. h3 Bxf3 6. gxf3 e5 7. d5 Nb8 8. Bb5+ Nbd7 9. Be3 a6 10. Bxd7+ Qxd7 11. Qd3 g6 12. h4 Nh5 13. Ne2 Nf6 14. c4 h5 15. Rc1 b6 16. a3 Be7 17. Bg5 Nh7 18. Bh6 Bf8 19. Bxf8 Nxf8 20. b4 Qe7 21. f4 exf4 22. Nxf4 Nd7 23. Qe3 a5 24. Nd3 0-0 25. f3 Ne5 26. Nxe5 dxe5 27. c5 axb4 28. axb4 Rfb8 29. Rh2 bxc5 30. bxc5 Kg7 31. Rd1 Ra6 1/2-1/2

[Event "St Petersburg Chigorin CC-ch"]
[Site "St Petersburg"]
[Date "2009.05.20"]
[Round "2"]
[White "Frakin, Nikolay"]
[Black "Sinajskij, Anatolij"]
[Result "0-1"]
[WhiteElo "1974"]
[BlackElo "2100"]
[PlyCount "60"]
[EventDate "2009.05.19"]
[EventType "swiss"]
[EventRounds "9"]
[EventCountry "RUS"]
[SourceTitle "CBM 130 Extra"]
[Source "ChessBase"]
[SourceDate "2009.07.02"]
[SourceVersion "2"]
[SourceVersionDate "2009.07.15"]
[SourceQuality "1"]

1. d4 Nf6 2. Bg5 e6 3. e4 d5 4. e5 h6 5. Be3 Nfd7 6. Bd3 c5 7. c3 Qb6 8. Qb3 Qc7 9. Bb5 Nc6 10. Ne2 Na5 11. Qa4 a6 12. Bxd7+ Bxd7 13. Qd1 Nc4 14. Bc1 cxd4 15. cxd4 Bb4+ 16. Nbc3 0-0 17. 0-0 f6 18. f4 fxe5 19. fxe5 Rxf1+ 20. Qxf1 Rf8 21. Qe1 Be8 22. b3 Na5 23. Qg3 Kh8 24. Bd2 Qf7 25. Rd1 Nc6 26. Nf4 Nxd4 27. Qd3 Nc6 28. Re1 g5 29. Nh3 Bc5+ 30. Kh1 Nxe5 0-1

[Event "St Petersburg Nov op"]
[Site "St Petersburg"]
[Date "2008.11.07"]
[Round "7"]
[White "Kazakevich, Grigoriy"]
[Black "Frakin, Nikolay"]
[Result "1-0"]
[WhiteElo "2151"]
[BlackElo "1953"]
[PlyCount "123"]
[EventDate "2008.11.01"]
[EventType "swiss"]
[EventRounds "9"]
[EventCountry "RUS"]
[SourceTitle "EXT 2010"]
[Source "ChessBase"]
[SourceDate "2010.11.25"]
[SourceVersion "1"]
[SourceVersionDate "2010.11.25"]
[SourceQuality "1"]

1. e4 e5 2. Nf3 Nc6 3. Bb5 a6 4. Ba4 d6 5. c3 Bd7 6. d4 Be7 7. 0-0 Nf6 8. Re1 b5 9. Bc2 0-0 10. h3 Re8 11. dxe5 dxe5 12. Be3 Bd6 13. Nbd2 Qe7 14. b4 Be6 15. Bd3 Red8 16. Qc2 Nd7 17. a3 Ncb8 18. c4 c6 19. Nb3 Bc7 20. Nc5 Nxc5 21. Bxc5 Bd6 22. Bb6 Bc7 23. Bxc7 Qxc7 24. cxb5 f6 25. Bc4 Qe7 26. bxa6 Nxa6 27. Rac1 Nb8 28. a4 Kf8 29. Red1 Rc8 30. Bxe6 Qxe6 31. Qc5+ Qe7 32. Qxe7+ Kxe7 33. a5 Na6 34. Rc4 Rab8 35. Rb1 Rb5 36. Ne1 c5 37. Nc2 Kd6 38. Rd1+ Kc6 39. Rd5 Rcb8 40. f4 Nxb4 41. Nxb4+ Rxb4 42. Rcxc5+ Kb7 43. Rb5+ Rxb5 44. Rxb5+ Kc7 45. Rxb8 Kxb8 46. fxe5 fxe5 47. Kf2 Kb7 48. Ke3 Ka6 49. Kd3 Kxa5 50. Kc4 Kb6 51. Kd5 Kc7 52. Kxe5 Kd7 53. Kf5 Ke7 54. h4 Kf7 55. h5 Ke7 56. Ke5 Kd7 57. h6 gxh6 58. Kf6 Ke8 59. g4 Kf8 60. e5 h5 61. gxh5 h6 62. e6 1-0

[Event "St Petersburg Nov op"]
[Site "St Petersburg"]
[Date "2008.11.05"]
[Round "5"]
[White "Svidinsky, Dmitry"]
[Black "Frakin, Nikolay"]
[Result "1/2-1/2"]
[WhiteElo "2057"]
[BlackElo "1953"]
[PlyCount "45"]
[EventDate "2008.11.01"]
[EventType "swiss"]
[EventRounds "9"]
[EventCountry "RUS"]
[SourceTitle "EXT 2010"]
[Source "ChessBase"]
[SourceDate "2010.11.25"]
[SourceVersion "1"]
[SourceVersionDate "2010.11.25"]
[SourceQuality "1"]

1. e4 e5 2. Nf3 Nc6 3. Bb5 a6 4. Ba4 d6 5. Bxc6+ bxc6 6. d4 exd4 7. Qxd4 Nf6 8. 0-0 Be7 9. Nc3 0-0 10. Bf4 Ng4 11. h3 Bf6 12. Qd3 Ne5 13. Nxe5 dxe5 14. Qxd8 Rxd8 15. Be3 Be7 16. Rfd1 Be6 17. b3 Rxd1+ 18. Rxd1 Rd8 19. Rxd8+ Bxd8 20. Na4 Be7 21. Nc5 Bc8 22. Kf1 Bd6 23. Ke2 1/2-1/2

[Event "Chigorin Memorial 16th"]
[Site "St Petersburg"]
[Date "2008.10.09"]
[Round "7"]
[White "Fedoseeva, Valentina"]
[Black "Frakin, Nikolay"]
[Result "1/2-1/2"]
[WhiteElo "1756"]
[BlackElo "1953"]
[PlyCount "85"]
[EventDate "2008.10.03"]
[EventType "swiss"]
[EventRounds "9"]
[EventCountry "RUS"]
[SourceTitle "CBM 126 Extra"]
[Source "ChessBase"]
[SourceDate "2008.11.05"]
[SourceVersion "1"]
[SourceVersionDate "2008.11.05"]
[SourceQuality "1"]

1. e4 e5 2. Nf3 Nc6 3. Bb5 a6 4. Ba4 d6 5. 0-0 Bd7 6. c3 Be7 7. d4 b5 8. Bc2 Nf6 9. Be3 0-0 10. d5 Na5 11. Nbd2 Ng4 12. Re1 Nxe3 13. Rxe3 c5 14. b4 Nb7 15. Nf1 c4 16. Ng3 g6 17. Re1 Qe8 18. Nd2 Bd8 19. Rf1 Bb6 20. Kh1 f6 21. f4 exf4 22. Rxf4 Qe5 23. Qf3 g5 24. Rf5 Bxf5 25. Nxf5 Qe8 26. Qg3 Bc7 27. Nf3 Kh8 28. Qh3 Qf7 29. N3d4 Nd8 30. Rf1 Ra7 31. Qh6 Rg8 32. Ne6 Nxe6 33. dxe6 Qxe6 34. e5 Qxe5 35. Nh4 Bb8 36. Ng6+ Rxg6 37. Bxg6 Rg7 38. Bxh7 d5 39. Bc2+ Kg8 40. Qh3 g4 41. Qh4 Qxc3 42. Bh7+ Rxh7 43. Qxg4+ 1/2-1/2

[Event "Chigorin Memorial 16th"]
[Site "St Petersburg"]
[Date "2008.10.04"]
[Round "1"]
[White "Frakin, Nikolay"]
[Black "Demina, Julia"]
[Result "0-1"]
[WhiteElo "1953"]
[BlackElo "2357"]
[PlyCount "56"]
[EventDate "2008.10.03"]
[EventType "swiss"]
[EventRounds "9"]
[EventCountry "RUS"]
[SourceTitle "CBM 126 Extra"]
[Source "ChessBase"]
[SourceDate "2008.11.05"]
[SourceVersion "1"]
[SourceVersionDate "2008.11.05"]
[SourceQuality "1"]

1. e4 c5 2. Nc3 a6 3. f4 Nc6 4. Nf3 g6 5. g3 Bg7 6. Bg2 d6 7. d3 e6 8. Bd2 Nge7 9. Rb1 0-0 10. 0-0 Rb8 11. Ne2 b5 12. c3 b4 13. Qc2 Bd7 14. Be3 Qa5 15. Ra1 Rfc8 16. Nd2 Nd4 17. Bxd4 cxd4 18. c4 d5 19. b3 dxe4 20. Bxe4 Nf5 21. Bxf5 exf5 22. Nf3 Bc6 23. Kf2 Re8 24. Rae1 Qc5 25. Qd2 Re3 26. Neg1 Rbe8 27. Nh4 Bb7 28. Ng2 Qc6 0-1